Entrepreneurship : (Record no. 347662)

000 -LEADER
fixed length control field 00986 a2200193 4500
020 ## - INTERNATIONAL STANDARD BOOK NUMBER
International Standard Book Number 0030196043 (hardcover)
020 ## - INTERNATIONAL STANDARD BOOK NUMBER
International Standard Book Number 9780030196041 (hardcover)
082 04 - DEWEY DECIMAL CLASSIFICATION NUMBER
Classification number 658.421
090 ## - LOCALLY ASSIGNED LC-TYPE CALL NUMBER (OCLC); LOCAL CALL NUMBER (RLIN)
-- 5247
-- 5247
100 1# - MAIN ENTRY--PERSONAL NAME
Personal name Kuratko, Donald F.
245 10 - TITLE STATEMENT
Title Entrepreneurship :
Remainder of title a contemporary approach /
Statement of responsibility, etc. Donald F. Kuratko, Richard M. Hodgetts.
250 ## - EDITION STATEMENT
Edition statement 5th ed.
260 ## - PUBLICATION, DISTRIBUTION, ETC.
Place of publication, distribution, etc. [S.l.] :
Name of publisher, distributor, etc. South-Western Pub,
Date of publication, distribution, etc. 2000.
300 ## - PHYSICAL DESCRIPTION
Extent 752 p. ;
Dimensions 27 cm.
520 ## - SUMMARY, ETC.
Summary, etc. This market leader was the first of its kind to cover entrepreneurship in one entire text. Its practical step-by-step approach helps develop entrepreneurial skills. The revision of this successful text features the Internet and a chapter on "Quality and the Human Factor," as well as current management themes that will keep the text at the forefront of the market.
700 1# - ADDED ENTRY--PERSONAL NAME
Personal name Hodgetts, Richard M.
856 40 - ELECTRONIC LOCATION AND ACCESS
Materials specified Amazon.com
Uniform Resource Identifier <a href="http://www.amazon.com/exec/obidos/ASIN/0030196043/chopaconline-20">http://www.amazon.com/exec/obidos/ASIN/0030196043/chopaconline-20</a>
942 ## - ADDED ENTRY ELEMENTS (KOHA)
Institution code [OBSOLETE] NBS
Koha item type Book
Call number prefix 658.421 KUR
Holdings
Withdrawn status Lost status Damaged status Not for loan Permanent Location Current Location Date acquired Total Checkouts Total Renewals Full call number Barcode Date last seen Price effective from Koha item type
        Central Library (CL) Central Library (CL) 08/28/2013   1 658.421 KUR NBS6947 03/21/2024 08/28/2013 Book
© 2023 Central Library, National University of Sciences and Technology. All Rights Reserved.